000 00334nam a2200133Ia 4500
005 20251222143132.0
008 251222s9999||||xx |||||||||||||| ||spa||
020 _a987-538-101-2
082 _a372.358/B24
100 _aBarón, Marcelo
245 0 _aEnseñar y Aprender Tecnología:
264 _bNovedades Educativas
942 _cLIB
999 _c11949
_d11949